000 00544aam a2200229 4500
005 20250918154029.0
008 150312b1992 xxu||||| |||| 00| 0 spa d
020 _a8475619533
041 _aESP
082 _a617.026 L327p2
100 _aLaredo, Arturo
_917884
245 _aPrimeros auxilios
250 _a2 edición
260 _aEspaña
260 _bEditors S.A
260 _c1992
300 _a158 páginas
490 _aInvestigación Criminal
490 _aTemática General
650 _aPrimeros auxilios
942 _cBK
_2ddc
999 _c474
_d474